| 000 | 00931nam a22002777a 4500 | ||
|---|---|---|---|
| 005 | 20110725100225.0 | ||
| 008 | 110725t xxu||||| |||| 00| 0 eng d | ||
| 010 | _aENG-103105 | ||
| 020 |
_a9788120343740 _c525.00 |
||
| 035 | _aEN-86638 | ||
| 037 | _bDBAD / PUB | ||
| 040 |
_adpl _bEnglish |
||
| 082 | _a651.3 | ||
| 100 |
_aQuible, Zane K. _929868 |
||
| 245 |
_aAdministrative office management : _cby Zane K. Quible _ban introduction / |
||
| 250 | _a8th ed | ||
| 260 |
_aNew Delhi _bPHI Learning _c2011 |
||
| 270 |
_aM-97, Connaught Circus _bNew Delhi _e110001 |
||
| 300 |
_axxv,596p. : _c29cm (pbk) _bill. |
||
| 500 | _aIncludes index | ||
| 650 |
_929869 _aOffice management. |
||
| 651 | _91549 | ||
| 700 | _929871 | ||
| 942 |
_2ddc _cEN _h651.3 _mQUI |
||
| 999 |
_c54277 _d54277 |
||